| 000 | 02688nam a2200385 i 4500 | ||
|---|---|---|---|
| 999 |
_c3893 _d3893 |
||
| 001 | pr06626446 | ||
| 003 | CaOWLBI | ||
| 005 | 20241118141619.0 | ||
| 008 | 221223s2022 nyu j 000 1 eng d | ||
| 010 | _a2022016615 | ||
| 020 | _a9781250827258 | ||
| 040 |
_aDLC _beng _erda _cDLC _dCaOWLBI _dCaOL _dKH8 |
||
| 082 | _aFIC CRU | ||
| 100 | 1 |
_aDe la Cruz, Melissa, _d1971- _eauthor. |
|
| 245 | 1 | 4 |
_aNever after. _pThe broken mirror/ _cMelissa de la Cruz. |
| 246 | 3 | _aThe broken mirror. | |
| 250 | _aFirst edition. | ||
| 264 | 1 |
_aNew York : _bRoaring Brook Press, _c2022. |
|
| 264 | 4 | _c©2022. | |
| 300 |
_a326 pages ; _c22 cm. |
||
| 336 |
_atext _btxt _2rdacontent. |
||
| 337 |
_aunmediated _bn _2rdamedia. |
||
| 338 |
_avolume _bnc _2rdacarrier. |
||
| 490 | 1 |
_aNever after (Series) ; _v3. |
|
| 520 | _aReal life and fairy tales collide in Never After: The Broken Mirror, book three of the funny and thrilling middle-grade saga perfect for fans of The Land of Stories series from the #1 New York Times bestselling creator of the Descendants, Melissa de la Cruz. The Never After crew is back for another twisted adventure. This time, they’re off to Snow Country—that is, after they rescue the beleaguered Lord Sharif of Nottingham from the evil Robin Hood, who has been plaguing the land with his thievery and mischief. But Robin’s antics aren’t the only dangers afoot in the Kingdom of Never After. At the behest of her daughter, the evil Cinderella, Queen Olga has turned Prince Charming into a Frog after his wedding to the beautiful Hortense. And how could we forget the ominous Prophecy, which still looms large over Filomena and her friends? Along with Jack, Alistair, Gretel, Beatrice, Byron Bessley, and some new Snow Country pals like Rose Red and a chatty magic mirror, Filomena sets off to find the only ones who can save the kingdom once and for all: The League of the Seven – a group of fearless warriors devoted to fighting the ogres at any cost. Still, new threats lurk around every corner, both in Never After and back home in North Pasadena . . . Even with the League of the Seven’s help, can Filomena and her friends rescue the land from Olga’s clutches? Or will the ogres finally prevail? | ||
| 650 | 0 |
_aAdventure and adventurers _vJuvenile fiction. |
|
| 650 | 0 |
_aCharacters and characteristics in literature _vJuvenile fiction. |
|
| 650 | 0 |
_aGood and evil _vJuvenile fiction. |
|
| 650 | 0 |
_aImaginary places _vJuvenile fiction. |
|
| 650 | 0 |
_aMagic mirrors _vJuvenile fiction. |
|
| 650 | 0 |
_aCharacters in literature _vJuvenile fiction. |
|
| 650 | 7 |
_aFantasy fiction. _2lcgft. _2genre. |
|
| 830 | 0 |
_aNever after (Series) ; _v3. |
|
| 942 |
_2ddc _cFIC |
||